Statistiques concernant Les albums d'Indochine

Cliquez ici pour prendre le quiz!

Statistiques générales

  • Ce quiz a été pris 12 fois
  • Le résultat moyen est 5 sur 13

Statistiques - réponses

Années de sortie Albums % Correct
1982L'aventurier
63%
2002Paradize
63%
201713
63%
1983Le Péril Jaune
38%
19853
38%
2005Alice & June
38%
1999Dancetaria
38%
1996Wax
25%
1993Un jour dans notre vie
25%
1990Le baiser
25%
19877000 danses
13%
2009La république des Meteors
13%
2013Black City Parade
13%

Distribution des résultats

Percentile by Number Answered

% des personnes avec chaque résultat

Votre développement - résultats

Vous n’avez pas pris ce quiz